Central Library, Doon University
WEBOPAC (ONLINE PUBLIC ACCESS CATALOGUE)

Microbiology And Plant Pathology (Record no. 60326)

MARC details
000 -LEADER
fixed length control field 00463nam a22001817a 4500
005 - DATE & TIME
control field 20260211132046.0
008 - FIXED-LENGTH DATA ELEMENTS--GENERAL INFORMATION
fixed length control field 260211b |||||||| |||| 00| 0 eng d
020 ## - ISBN
International Standard Book Number 9788119680351
Price 2495.00
040 ## - CATALOGING SOURCE
Original cataloging agency Doon University
041 ## - Language
Language English
082 ## - DDC NUMBER
Classification number 579
Book Number SIN
100 ## - MAIN ENTRY--PERSONAL NAME
Personal name Singh, Ranjit
245 ## - TITLE STATEMENT
Title Microbiology And Plant Pathology
260 ## - PUBLICATION, DISTRIBUTION, ETC. (IMPRINT)
Place of publication, distribution, etc New Delhi
Name of publisher, distributor, etc Academic Press
Date of publication, distribution, etc 2025
300 ## - PHYSICAL DESCRIPTION
Pages 480
650 ## - Subject
Subject Biological Science
942 ## - ADDED ENTRY ELEMENTS (KOHA)
Koha item type Books
100 ## - MAIN ENTRY--PERSONAL NAME
-- 26278
650 ## - Subject
-- 14046
952 ## - LOCATION AND ITEM INFORMATION (KOHA)
-- 2026-02-11
952 ## - LOCATION AND ITEM INFORMATION (KOHA)
-- 2026-02-11
952 ## - LOCATION AND ITEM INFORMATION (KOHA)
-- 2026-02-11
952 ## - LOCATION AND ITEM INFORMATION (KOHA)
-- 2026-02-11
952 ## - LOCATION AND ITEM INFORMATION (KOHA)
-- 2026-02-11
Holdings
Withdrawn status Lost status Source of classification or shelving scheme Damaged status Not for loan Location (home branch) Sublocation or collection (holding branch) Date acquired Koha full call number Accession No. Koha date last seen Koha item type Koha issues (times borrowed)
        Not For Loan Doon University Doon University 11.02.2026 579 SIN 52617 11.02.2026 Reference  
          Doon University Doon University 11.02.2026 579 SIN 52618 11.02.2026 Books  
          Doon University Doon University 11.02.2026 579 SIN 52619 11.02.2026 Books  
          Doon University Doon University 11.02.2026 579 SIN 52620 11.02.2026 Books  
          Doon University Doon University 11.02.2026 579 SIN 52621 11.02.2026 Books  
Contact : +91-135-2533126 (Library),+91-135-2533105 (Admin Office) , Email : doonlibrary@gmail.com

Powered by Koha